Statistiques concernant Digital Circus - Personnages Par Image

Cliquez ici pour prendre le quiz!

Statistiques générales

  • Ce quiz a été pris 234 fois
  • Le résultat moyen est 6 sur 10

Statistiques - réponses

Réponse% Correct
Jax
100%
Pomni
100%
Bubble
75%
Caine
50%
Gangle
50%
Kaufmo
50%
Kinger
50%
Queener
50%
Ragatha
50%
Zooble
50%

Distribution des résultats

Percentile par nombre de réponses

% des personnes avec chaque résultat

Votre développement - résultats

Vous n’avez pas pris ce quiz